MDQL
is popping MORE tags! Check the
thread
!
Quizzes
Events
Quiz Creation
Community
Videos
Private Events
Remove Ads
Sign In
Join for FREE
Feedback
Dark Mode
Quiz Categories
Sports
Geography
Music
Movies
Television
Just For Fun
Miscellaneous
History
Literature
Language
Science
Gaming
Entertainment
Religion
Holiday
For Kids
Quiz Lab
Recent
Popular Today
Quiz Kudos Today
Editor Picks
Curator Picks
Quizzes by...
Day
Popularity
Type
Ratings
Length
Year
Community
Subscriptions
Recent Discussions
Orange Saloon
Badges
Playlists
Quests
Create
Leaderboards
Showdown
Live 5
Trivia Bingo
Activity
Puzzle Library
Sporcle Events
Private Events
Virtual Trivia
Globe League
Become a Host
Pub Owners
SporcleCon
Opinionation
Our Games
Videos
Blog
Mobile Apps
Partnerships
Remove Ads and Go Orange
Feedback
Music
Pop Music
The Beatles
Song
Album
Lyrics
Bands
Singers
Artist
Clip
Rock
Rap
Classical
Billboard
Country Music
Kpop
Taylor Swift
Music
Pop Music
The Beatles
Song
Album
Lyrics
Bands
Singers
Artist
Clip
Rock
Rap
Classical
Billboard
Country Music
Kpop
Taylor Swift
Random Quiz
Search Sporcle
×
Quiz Lab
Quiz Lab
Music
Artist
Type in answers that appear in a list
Type in answers that appear in a list
Classic
Best Score? Go Orange.
Long-running #1 US albums Stats
Can you name the Longest-running (5 wks or more) #1 US albums 1963-1979?
By
BamaRainbow
15m
81 Questions
88 Plays
88 Plays
88 Plays
Comments
Comments
Give Quiz Kudos
Give Quiz Kudos
-
- Ratings
hide this ad
More Info
Replay
Link that replays current quiz
Next Quiz
Link to next quiz in quiz playlist
You Got
0%
They Got
Avg Score
32%
Avg Friend Score
Upgrade to see
Score Distribution
Jump to the score distribution portion of the page
Score
0/81
Timer
15:00
0
Plays Today
Artist (and Year)
Album title
% Correct
The Beatles-
Soundtrack (1965)
Help!
84.1%
The Beatles (1967)
Sgt Pepper's Lonely Hearts Club Band
83%
[artist name in title] (1968)
The Beatles
83%
The Eagles (1977)
Hotel California
81.8%
The Beatles-
Soundtrack (1964)
A Hard Day's Night
79.5%
The Beatles (1966)
Revolver
77.3%
The Beatles (1969)
Abbey Road
76.1%
Fleetwood Mac (1977)
Rumours
76.1%
The Beatles (1966)
Rubber Soul
72.7%
Bee Gees-
Soundtrack (1978)
Saturday Night Fever
70.5%
Don McLean (1972)
American Pie
65.9%
Elton John (1973)
Goodbye Yellow Brick Road
65.9%
The Beatles (1968)
Magical Mystery Tour
64.8%
Simon & Garfunkel (1970)
Bridge Over Troubled Water
63.6%
Carole King (1971)
Tapestry
63.6%
Peter Frampton (1976)
Frampton Comes Alive!
60.2%
Led Zeppelin (1975)
Physical Graffiti
58%
[artist name in title] (1964)
Meet the Beatles!
53.4%
Diana Ross and the Supremes (1967)
Greatest Hits
52.3%
George Harrison (1971)
All Things Must Pass
52.3%
Elton John (1974)
Greatest Hits
52.3%
Soundtrack-
Simon & Garfunkel (1968)
The Graduate
51.1%
[artist name in title] (1972)
America
51.1%
Original Cast (1969)
Hair
50%
Soundtrack (1978)
Grease
50%
Led Zeppelin (1979)
In Through the Out Door
47.7%
Stevie Wonder (1976)
Songs in the Key of Life
46.6%
Artist (and Year)
Album title
% Correct
Supertramp (1979)
Breakfast in America
44.3%
[artist name in title] (1969)
Led Zeppelin II
43.2%
[artist name in title] (1970)
Led Zeppelin III
40.9%
The Eagles (1979)
The Long Run
39.8%
Simon & Garfunkel (1968)
Bookends
36.4%
[artist name in title] (1966)
The Monkees
34.1%
Santana (1970)
Abraxas
34.1%
Janis Joplin (1971)
Pearl
34.1%
Billy Joel (1978)
52nd Street
34.1%
Creedence Clearwater Revival (1970)
Cosmo's Factory
31.8%
Barbra Streisand-
Soundtrack (1977)
A Star Is Born
31.8%
The Eagles (1975)
One of These Nights
30.7%
Louis Armstrong (1964)
Hello, Dolly!
29.5%
The Beatles (1966)
Yesterday and Today
29.5%
Donna Summer (1979)
Bad Girls
26.1%
Elton John (1975)
Captain Fantastic and the Brown Dirt Cowboy
23.9%
Glen Campbell (1968)
Wichita Lineman
22.7%
Bob Dylan (1976)
Desire
22.7%
Big Brother & the Holding Company (1968)
Cheap Thrills
18.2%
[artist name in title] (1965)
Beatles '65
17%
Herb Alpert's Tijuana Brass (1965)
Whipped Cream and Other Delights
17%
[artist name in title] (1967)
More of the Monkees
17%
Wings (1976)
Wings at the Speed of Sound
17%
Bee Gees (1979)
Spirits Having Flown
17%
[artist name in title] (1964)
The Beatles' Second Album
15.9%
Allman Brothers Band (1973)
Brothers and Sisters
15.9%
George Harrison (1973)
Living in the Material World
13.6%
Artist (and Year)
Album title
% Correct
Doobie Brothers (1979)
Minute by Minute
13.6%
Soeur Sourire (1963)
The Singing Nun
12.5%
Barbra Streisand (1964)
People
12.5%
[artist name in title] (1965)
Beatles VI
12.5%
[artist name in title] (1969)
Blood, Sweat & Tears
11.4%
Soundtrack (1965)
Mary Poppins
10.2%
Jim Croce (1974)
You Don't Mess Around With Jim
10.2%
Soundtrack (1974)
The Sting
10.2%
The Eagles (1976)
Their Greatest Hits (1971-1975)
10.2%
Carly Simon (1973)
No Secrets
8%
The Monkees (1967)
Pisces, Aquarius, Capricorn & Jones, Ltd.
6.8%
[artist name in title] (1971)
Santana III
6.8%
Roberta Flack (1972)
First Take
6.8%
[artist name in title] (1972)
Chicago V
6.8%
Linda Ronstadt (1977)
Simple Dreams
6.8%
Andy Williams (1963)
Days of Wine and Roses
5.7%
Allan Sherman (1963)
My Son, the Nut
5.7%
SSgt Barry Sadler (1966)
Ballads of the Green Berets
5.7%
Elton John (1972)
Honky Château
5.7%
Moody Blues (1972)
Seventh Sojourn
4.5%
[artist name in title] (1973)
Chicago VI
4.5%
[artist name in title] (1975)
Chicago IX
4.5%
[artist name in title] (1979)
Get the Knack
4.5%
Peter, Paul and Mary (1963)
In the Wind
2.3%
Herb Alpert and His Tijuana Brass (1966)
Going Places
2.3%
Herb Alpert and the Tijuana Brass (1966)
What Now My Love
2.3%
Paul Mauriat (1968)
Blooming Hits
2.3%
Quiz Playlist
Details
Report
Send in Message
Add To Playlist
More Info:
The quiz only covers albums topping Billboard's pop album chart from 6/1/63 to the chart dated 12/29/79.
Classic:
Type in answers that appear in a list
Last Updated: Feb 16, 2017
Quiz Scoreboard
CHALLENGE
Sign Up to Join the Scoreboard
Show All
Scores
Hide
Comments
May contain spoilers
Recently Published
Find the 'City' Movie
by crazypaving
Movies
60s
5x2 Blitz: Bands
by SL_Kpop136
Music
30s
Colored Red Africa Blitz
by spor1
Geography
30s
More to Explore
Quiz From the Vault
Featured Blog Post
14 Easter Pick-up Lines to Find Eggs With
hide this ad
You Might Also Like...
Tags
Album Quiz
Artist Quiz
Long-Running
Longest Running
Week
WKS
Today's Top Quizzes in Music
Browse Music
hide this ad
Today's Top Quizzes in Artist
Browse Artist
Top Contributed Quizzes in Music
1
5X2 Blitz: Bands II
2
Taylor Swift Logic Puzzle II
3
Taylor Swift All Songs (2024)
4
5X2 Blitz: The Beatles
5
5X2 Blitz: Billboard
6
5X2 Blitz: Singers
7
5X2 Blitz: Album
8
5X2 Blitz: Rock
9
Music Artist by Three 2010s hits
10
5X2 Blitz: Billboard II
Explore More
Trending Topics
Crossword
NBA
Anime
Marvel
Harry Potter
Disney
Kpop
Country
The Office
Pokémon
NFL
Soccer
WWE
Song
Puzzle
hide this ad
More By:
BamaRainbow
Quiz
Plays
Rating
Category
Featured
Created
Last Names of One-Name Artists
1,961
4.08
Music
Feb 23, 2013
First and Last Top 40 Hits
174
3.43
Music
Jun 11, 2010
1990s #1--Pop AND Soul
129
2.50
Music
Oct 12, 2009
Long-Running #1 Pop Albums (Pt 2)
114
2.25
Music
Jan 1, 2010
Sexiest Songs
90
1.50
Music
Feb 11, 2010
Go to Creator's Profile
Score Distribution
Quiz Creator Spotlight
BamaRainbow
Follow
Send a Message
Quizzes Created
-
Created Quiz Play Count
-
More By This Creator
Popular Quizzes Today
1
Find the 'City' Movie
2
Colored Red Africa Blitz
3
5x2 Blitz: Bands
4
Find the US States - No Outlines Minefield
5
The Countries of the World
6
Find the US States
7
US States
8
9x9 Crossword: Cartoon Network
More Music Quizzes
Drinking Songs
Published
Trending Quizzes
Colored Red Europe Blitz I
Colored Red Africa Blitz II
Colored Red Europe Blitz II
Colored Red Europe Blitz III
Colored Red Africa Blitz III
Recently Updated
Famous TV Couples
Peacemaker
Champions League XIs: Real Madrid
pecheneg
Largest US Cities 1790-2010
pecheneg
Rides in Walt Disney World
pecheneg
Most Oscar Losses (Acting)
pecheneg
Beyoncé Albums
pecheneg
Leaping Animals
pecheneg
Reality TV Shows (A-Z)
bhenderson79
Rickey Henderson's Hall of Fame Teammates
pecheneg
Champions League XIs: Arsenal
pecheneg
Trending Topics
NBA
Kpop
Marvel
Anime
Disney
Harry Potter
Crossword
NFL
WWE
Pokémon
Song
Soccer
Puzzle
Country
The Office
Your Account Isn't Verified!
In order to create a playlist on Sporcle, you need to verify the email address you used during registration. Go to your
Sporcle Settings
to finish the process.
Report this User
Report this user for behavior that violates our
Community Guidelines
.
Details:
Send Report
Go to the Sporcle.com Mobile Site →
Comments